Probability and statistical inference / (Record no. 574)

MARC details
000 -LEADER
fixed length control field 00728nam a22002417a 4500
005 - DATE AND TIME OF LATEST TRANSACTION
control field 20250420134816.0
008 - FIXED-LENGTH DATA ELEMENTS--GENERAL INFORMATION
fixed length control field 200809b ||||| |||| 00| 0 eng d
020 ## - INTERNATIONAL STANDARD BOOK NUMBER
International Standard Book Number 9781292062358
040 ## - CATALOGING SOURCE
Transcribing agency KCST
082 ## - DEWEY DECIMAL CLASSIFICATION NUMBER
Classification number 519.2
Item number Ho Pr
100 ## - MAIN ENTRY--PERSONAL NAME
Personal name Hogg, Robert V.
9 (RLIN) 4961
245 ## - TITLE STATEMENT
Title Probability and statistical inference /
Statement of responsibility, etc. Robert V Hogg; Dale L Zimmerman; Elliot A Tanis
250 ## - EDITION STATEMENT
Edition statement 9th edition
Remainder of edition statement Global edition
260 ## - PUBLICATION, DISTRIBUTION, ETC.
Place of publication, distribution, etc. Boston :
Name of publisher, distributor, etc. Pearson,
Date of publication, distribution, etc. 2015.
300 ## - PHYSICAL DESCRIPTION
Extent p.
650 ## - SUBJECT ADDED ENTRY--TOPICAL TERM
Topical term or geographic name entry element Probabilities.
9 (RLIN) 1388
650 ## - SUBJECT ADDED ENTRY--TOPICAL TERM
Topical term or geographic name entry element Probabilities
Form subdivision Problems, exercises, etc.
9 (RLIN) 4962
650 ## - SUBJECT ADDED ENTRY--TOPICAL TERM
Topical term or geographic name entry element Mathematical statistics.
9 (RLIN) 1389
700 ## - ADDED ENTRY--PERSONAL NAME
Personal name Tanis, Elliot A.
9 (RLIN) 4963
700 ## - ADDED ENTRY--PERSONAL NAME
Personal name Zimmerman, Dale L.
9 (RLIN) 4964
942 ## - ADDED ENTRY ELEMENTS (KOHA)
Koha item type Book
942 ## - ADDED ENTRY ELEMENTS (KOHA)
Source of classification or shelving scheme Dewey Decimal Classification
Holdings
Withdrawn status Lost status Source of classification or shelving scheme Damaged status Not for loan Home library Current library Date acquired Cost, normal purchase price Total checkouts Full call number Barcode Date last seen Price effective from Koha item type
    Dewey Decimal Classification     KCST Library KCST Library 09/08/2020 28.37   519.2 Ho Pr 1000000451 09/08/2020 09/08/2020 Book
© 2025 KCST. All rights reserved